000 00491nam a2200157 i 4500
001 148991
003 ES-MaACL
005 20230906202911.0
007 t|
008 070214s1971 sp |||| | spa d
245 0 0 _aSupuestos y cuestionarios de organización y administración de empresas turísticas.
260 _a[Valladolid] :
_bInsade,
_c[1971] (
_fAndrés Martín)
300 _a150 p. ;
_c21 cm.
650 4 _aEmpresas turísticas-
_xGestión.
_9166214
852 _aES-MaACL
_jC-45224
999 _c148991
_d148991